000 00482nam a2200145Ia 4500
008 090122s9999 xx 000 0 und d
082 _b6975
_a808.899282
100 _aगडकर
_bरेचल
245 _aबिरबल आणि बादशाह भाग 1
600 _aगडकर
630 _aबिरबल आणि बादशाह भाग 1
700 _aगडकर
730 _aबिरबल आणि बादशाह भाग 1
942 _cBOOK
999 _c31052
_d31052